000 00655nam a22002177a 4500
003 UA-OsUOA
001 80535
007 ta
008 20111213b un ||||| |||| 00| 0 ukr d
100 _aГолосенін І.
090 _a330(477)
_bГ61
942 _cSA
040 _aUA-OsUOA
_bukr
_cUA-OsUOA
_dUA-OsUOA
245 _aПроблеми валютного кредитування та шляхи їх розв'язання
300 _aС.8-11
955 _a0
041 _aukr
080 _a330(477)
773 0 _w80531
_tФінансовий ринок України
_dК.
_d2011
_g11
650 7 _a330 Економіка взагалі
_2UDC
999 _c366847
_d366847